000 00425nam a22001817a 4500
003 CEME
005 20210628205249.0
008 210224b xxu||||| |||| 00| 0 eng d
020 _a0-582-25497-3
040 _c.
082 _a621.4021 JOE'B
100 _aJoel, Royner
_974657
245 _aBasic engineering thermodynamics
250 _a4TH
260 _aLONDON
_bELBS
_c1994
300 _aXII, 803P
942 _cBK
_2ddc
999 _c580169
_d580169